ludzie ktorzy staneli na ksiezycu - Statystyki

Ogólne statystyki
  • Ten quiz został rozwiązany 31 razy
  • Średni wynik to 6 z 12
Statystyki odpowiedzi
Misja Astronauta % Poprawnych
Apollo 11 Neil Armstrong
100%
Apollo 11 Buzz Aldrin
70%
Apollo 14 Alan Shepard
55%
Apollo 16 Charles Duke
45%
Apollo 15 David Scott
45%
Apollo 14 Edgar Mitchell
45%
Apollo 15 James Irwin
45%
Apollo 16 John Young
45%
Apollo 12 Al Bean
40%
Apollo 12 Pete Conrad
40%
Apollo 17 Eugene Cernan
35%
Apollo 17 Jack Schmitt
30%
Nie znaleziono quizów pasujących do podanych kryteriów
Rozkład punktacji
Procent ludzi z każdym wynikiem
Percentyl według liczby udzielonych odpowiedzi
Twoja historia wyników
Nie rozwiązałeś tego quizu